[Event "GER Cup19 sf14 serv"]
[Site "GER email"]
[Date "2013.07.14"]
[Round "?"]
[White "Mayer, Johann"]
[Black "Zejewski, Paul"]
[Result "1/2-1/2"]
[WhiteElo "1915"]
[BlackElo "2183"]
[PlyCount "82"]
[EventDate "2013.07.20"]
[EventType "tourn (corr)"]
[EventRounds "6"]
[EventCountry "GER"]
[SourceTitle "Corr 2015"]
[Source "ChessBase"]
[SourceDate "2015.07.17"]
[SourceVersion "1"]
[SourceVersionDate "2015.07.17"]
[SourceQuality "1"]

1. e4 g6 2. d4 Bg7 3. Nc3 d6 4. f4 Nf6 5. Nf3 0-0 6. Bd3 Na6 7. 0-0 c5 8. d5 Bg4 9. Bc4 Nc7 10. h3 Bxf3 11. Qxf3 e6 12. dxe6 fxe6 13. Be3 Nd7 14. Qg3 Qe7 15. Rad1 Nb6 16. Be2 d5 17. Bc1 d4 18. Nb1 e5 19. f5 gxf5 20. Bg5 Qe6 21. exf5 Rxf5 22. Bg4 Rxf1+ 23. Rxf1 Qd6 24. Nd2 Rf8 25. Rxf8+ Qxf8 26. Bf3 Ne6 27. Bxb7 Qf5 28. Ne4 Nxg5 29. Qxg5 Qxg5 30. Nxg5 Bh6 31. Ne4 c4 32. Kf2 Bc1 33. b3 Kf8 34. Kf3 Ke7 35. g4 h6 36. h4 a5 37. Bc6 cxb3 38. axb3 Nc8 39. g5 hxg5 40. hxg5 Nd6 41. Kg4 Nxe4 1/2-1/2

[Event "GER Cup18 PZ03 serv"]
[Site "GER email"]
[Date "2012.09.02"]
[Round "?"]
[White "Junge, Wolfgang"]
[Black "Zejewski, Paul"]
[Result "0-1"]
[WhiteElo "2159"]
[BlackElo "2212"]
[PlyCount "112"]
[EventDate "2012.09.06"]
[EventType "tourn (corr)"]
[EventRounds "6"]
[EventCountry "GER"]
[SourceTitle "Corr 2015"]
[Source "ChessBase"]
[SourceDate "2015.07.17"]
[SourceVersion "1"]
[SourceVersionDate "2015.07.17"]
[SourceQuality "1"]

1. d4 Nf6 2. c4 e6 3. Nc3 Bb4 4. e3 0-0 5. Bd3 d5 6. Nf3 c5 7. 0-0 dxc4 8. Bxc4 cxd4 9. exd4 b6 10. Bg5 Bb7 11. Qe2 Bxc3 12. bxc3 Nbd7 13. Bd3 Qc7 14. Rac1 Ng4 15. Be4 Bxe4 16. Qxe4 Ngf6 17. Qe2 h6 18. Bh4 Rac8 19. c4 Nh5 20. Rfe1 Rfe8 21. Qd3 e5 22. Rcd1 e4 23. Rxe4 Rxe4 24. Qxe4 Ndf6 25. Bxf6 Nxf6 26. Qb1 Qxc4 27. h3 Qe2 28. Rd2 Qe4 29. Qxe4 Nxe4 30. Re2 Nc3 31. Rc2 Kf8 32. Kf1 Ke7 33. Nd2 Kd7 34. Nb3 Nd5 35. Rxc8 Kxc8 36. a3 Nc3 37. Na1 Kd7 38. Nc2 Kc6 39. Ke1 a5 40. Kd2 Ne4+ 41. Ke2 Kd5 42. f3 Nd6 43. Kd3 Nc4 44. g3 b5 45. h4 g6 46. g4 f5 47. gxf5 gxf5 48. h5 f4 49. Ne1 Nxa3 50. Ng2 b4 51. Nxf4+ Kd6 52. Ng2 b3 53. Kc3 a4 54. Ne3 Nb5+ 55. Kb2 Nxd4 56. f4 Nc2 0-1

[Event "GER Cup18 PZ03 serv"]
[Site "GER email"]
[Date "2012.09.02"]
[Round "?"]
[White "Preusse, Goetz"]
[Black "Zejewski, Paul"]
[Result "1/2-1/2"]
[WhiteElo "1943"]
[BlackElo "2212"]
[PlyCount "77"]
[EventDate "2012.09.06"]
[EventType "tourn (corr)"]
[EventRounds "6"]
[EventCountry "GER"]
[SourceTitle "Corr 2015"]
[Source "ChessBase"]
[SourceDate "2015.07.17"]
[SourceVersion "1"]
[SourceVersionDate "2015.07.17"]
[SourceQuality "1"]

1. e4 c5 2. Nf3 d6 3. d4 cxd4 4. Nxd4 Nf6 5. Nc3 a6 6. Bc4 e6 7. 0-0 b5 8. Bb3 Be7 9. a4 b4 10. Na2 Qb6 11. Be3 Qb7 12. f3 e5 13. Nf5 Bxf5 14. exf5 Nc6 15. Bd5 Rc8 16. Rf2 Nxd5 17. Qxd5 Qd7 18. c3 bxc3 19. Nxc3 Nb4 20. Qe4 d5 21. Qxe5 0-0 22. Rd1 Rfe8 23. Qd4 Bc5 24. Qxc5 Rxc5 25. Bxc5 a5 26. b3 h5 27. Bxb4 axb4 28. Nxd5 Qa7 29. Nxb4 Qe3 30. Nd5 Qxb3 31. Rfd2 Qxa4 32. f6 g5 33. Nc3 Qf4 34. Ne4 g4 35. Rd3 Kh7 36. Re1 Kh6 37. Rde3 gxf3 38. Rxf3 Qe5 39. Rfe3 1/2-1/2

[Event "GER Cup18 PZ03 serv"]
[Site "GER email"]
[Date "2012.09.02"]
[Round "?"]
[White "Zejewski, Paul"]
[Black "Bars, Joachim"]
[Result "1/2-1/2"]
[WhiteElo "2212"]
[BlackElo "2167"]
[PlyCount "68"]
[EventDate "2012.09.06"]
[EventType "tourn (corr)"]
[EventRounds "6"]
[EventCountry "GER"]
[SourceTitle "Corr 2015"]
[Source "ChessBase"]
[SourceDate "2015.07.17"]
[SourceVersion "1"]
[SourceVersionDate "2015.07.17"]
[SourceQuality "1"]

1. e4 c5 2. Nf3 d6 3. d4 cxd4 4. Nxd4 Nf6 5. Nc3 a6 6. Be3 Ng4 7. Bg5 h6 8. Bh4 g5 9. Bg3 Bg7 10. h3 Ne5 11. f3 Nbc6 12. Bf2 Ng6 13. Qd2 Nxd4 14. Bxd4 Bxd4 15. Qxd4 Be6 16. h4 Qa5 17. b4 Qe5 18. Qxe5 dxe5 19. hxg5 hxg5 20. Rxh8+ Nxh8 21. Na4 g4 22. Nc5 gxf3 23. gxf3 0-0-0 24. Nxe6 fxe6 25. Bc4 Rd6 26. Rd1 Kd7 27. Bd3 Ng6 28. Kd2 Nf4 29. Rg1 Nxd3 30. cxd3 a5 31. a3 axb4 32. Rb1 Rb6 33. Rxb4 Rxb4 34. axb4 Kc7 1/2-1/2

[Event "GER-ch41 final email"]
[Site "GER email"]
[Date "2012.03.10"]
[Round "?"]
[White "Bucher, Heinz"]
[Black "Zejewski, Paul"]
[Result "1/2-1/2"]
[WhiteElo "2263"]
[BlackElo "2143"]
[PlyCount "55"]
[EventDate "2011.09.12"]
[EventType "tourn (corr)"]
[EventRounds "19"]
[EventCountry "GER"]
[SourceTitle "Corr 2015"]
[Source "ChessBase"]
[SourceDate "2015.07.17"]
[SourceVersion "1"]
[SourceVersionDate "2015.07.17"]
[SourceQuality "1"]

1. d4 Nf6 2. c4 e6 3. Nc3 Bb4 4. e3 0-0 5. Bd3 d5 6. Nf3 c5 7. 0-0 Nc6 8. a3 Bxc3 9. bxc3 Qc7 10. Qe2 dxc4 11. Bxc4 e5 12. dxe5 Nxe5 13. Nxe5 Qxe5 14. Bb2 Ng4 15. g3 Qh5 16. h4 Bd7 17. e4 Rae8 18. Rad1 Bc6 19. f3 Ne5 20. f4 Ng4 21. e5 g5 22. fxg5 Rxe5 23. Bxf7+ Qxf7 24. Qxg4 Bf3 25. g6 Qxg6 26. Qxg6+ hxg6 27. Rde1 Rxe1 28. Rxe1 1/2-1/2